000 00502nmm a2200169Ia 4500
008 251105s9999||||xx |||||||||||||||||und||
020 _a9788498302332
041 _aspa
100 _aReus, M., S.J. (coord.)
245 0 _aLa reconstrucción del creer
264 _a[Madrid, España] :
_bUniversidad de Deusto,
_c2009
300 _a121 páginas
490 _aAzul - Cuadernos de Teología Deusto
650 _aReligion(s)
856 _uhttps://public.digitaliapublishing.com/a/14898
942 _cCF
999 _c91574
_d91574